000 00712nam a2200205 i 4500
001 36423
003 ES-MaACL
005 20230906155351.0
007 t|
008 030218s1958 fr ||||1| fre d
100 1 _aBuisseret, E.
_932466
245 1 0 _aDocuments commerciaux et comptabilité commerciale /
_cpar E. Buisseret.
250 _a5eme ed.
260 _aBruxelles :
_bComptables, Commerciales et Financiéres,
_c[1958] (
_eFrameries :
_fUnion des Imprimeries)
300 _a384 p. ;
_c25 cm.
490 1 _aBibliothèque générale des sciences économiques
830 0 _aBibliothèque générale des sciences économiques
_9182647
852 _aES-MaACL
_jC-17404
_bR.45709
999 _c36423
_d36423